| 000 | 01485nam a22002297a 4500 | ||
|---|---|---|---|
| 001 | 5754 | ||
| 003 | FISKH | ||
| 005 | 20250122125517.0 | ||
| 008 | 250120b cb ||||| |||| 00| 0 eng d | ||
| 020 | _a9780198424925 | ||
| 040 |
_aFISKH _beng _cFISKH _dFISKH |
||
| 050 | _aPZ7 | ||
| 082 | _a900 | ||
| 100 | _aCantrell, John | ||
| 245 |
_aComplete 20th century history for Cambridge IGCSE (R) & O Level : _bSecond editon / _cBy John Cantrell, Neil Smith and Peter Smith |
||
| 260 |
_aOxford : _bOxford University Press ; _c2018. |
||
| 300 |
_a411 pages : _bcolor illustrations ; _c28 cm . |
||
| 520 | _aEnsure exam success with complete support for Option B and all of the Depth Studies in the latest IGCSE, IGCSE 9-1 and O Level (0470/0977/2147) syllabuses. A comprehensive syllabus mapping grid is included so you can be confident of full support.Taking a dual focus on knowledge acquisition and skills development, it includes extensive source analysis work and is packed with original colour sources, graphs and maps to engage learners.A dedicated chapter on exam skills fully develops all the skills directly relevant to assessment and the alternative to coursework, while the accompanying support site offers revision and exam-style questions and interactive tests.This new edition supports every learner with straightforward language and clearly defined historical terms. | ||
| 700 |
_aSmith, Niel _eillustrator |
||
| 700 |
_aSmith, Peter _eillustrator |
||
| 942 |
_2ddc _cBK _n0 |
||
| 999 |
_c5754 _d5754 |
||